000 01072cam a2200229 i 4500
005 20250825164754.0
020 _a0395942463
020 _a0395942466
050 0 0 _aHF5549.5.C35
_bR27
100 1 _aReece, Barry L.
245 1 0 _aHuman Relations :
_bPrinciples and Practices /
_cBarry L. Reece, Virginia Polytechnic Institute and State University.
250 _aFOURTH EDITION.
260 _aNew York
_bHoughton Mifflin Company
300 _axxiv, 277 pages :
_billustrations ;
_c23cm.
500 _aRevised edition of Human relations, 2006.
505 0 _aIntroduction To Human Relations -- Improving Interpersonal Communications -- Building High Self-Esteem -- Personal Values Influence Ethical Choice -- Attitudes Can Shape Your Life -- Developing A Professional Presence -- Valuing Work Force Diversity -- Resolving Conflict And Achieving Emotional Balance -- A Life Plan For Effective Human Relations.
650 0 _aCareer development.
650 0 _aInterpersonal relations.
650 7 _aCareer development.
650 7 _aInterpersonal relations.
942 _cBK
999 _c8472
_d8472